00515nam a2200181Ia 450000500170000000800410001702000150005808200140007324500130008726000430010030000130014365000130015665000180016970000300018794200060021795200950022399900150031820240417015441.0240331s9999 xx 000 0 und d a0974883921 bDOMa 320 0aDomains  aNew York :bSouth Focus Press /c2004. a140 p ., aFeminism aLegal Studies aJeganathan, Pradeep.eedt cL 001040708LaWERCLbWERCLcSSCd2024-03-31l0o 320 DOMp6571r2024-03-31w2024-03-31yL c5648d5648